| 000 | 01075nam a2200325 a 4500 | ||
|---|---|---|---|
| 001 | 000015597 | ||
| 003 | DO-SdBPM | ||
| 005 | 20260223082634.0 | ||
| 007 | ta | ||
| 008 | 100215s2009 dr ab 000 0 spa d | ||
| 020 | _z9789945162998 | ||
| 040 |
_aDO-SdBPM _bspa _cBPMSU _drda |
||
| 082 | 4 |
_a101 _bJ58m, 2009 _222 |
|
| 100 | 1 |
_aJesús Ulerio, Luis Felipe, _d1970- _4aut. _eautor |
|
| 245 | 1 | 0 |
_aManual de introducción a la filosofía / _cLuis F. de Jesús Ulerio, Héctor A. Valera, Eduardo R. Rivas. |
| 250 | _a2a ed. | ||
| 264 |
_aSanto Domingo : _bEditora Búho, _c2009 |
||
| 300 |
_a143 páginas: _bilustraciones ; _c23 cm. |
||
| 336 |
_atexto _btxt _2rdacontent |
||
| 337 |
_asin mediación _bn _2rdamedia |
||
| 338 |
_avolumen _bnc _2rdacarrier |
||
| 504 | _aBibliografía : páginas. 141-143. | ||
| 590 | _aInventariado, 2026/VM | ||
| 650 | 7 |
_aFilosofía _xEnseñanza |
|
| 650 | 7 |
_aFilosofía _xLibros de texto |
|
| 700 | 1 |
_aValera, Héctor A. _eautor |
|
| 700 | 1 |
_aRivas, Eduardo R. _eautor |
|
| 910 | _aVMateo V. Control de calidad BPMSU | ||
| 942 |
_2ddc _cBK |
||
| 999 |
_c15726 _d15726 |
||